[Event "Hong Kong op"]
[White "Pang, Khai Jie Ryan"]
[Black "Azizbekyan, Haik"]
[Site "Hong Kong"]
[Round "9"]
[Result "1/2-1/2"]
[Date "2023.12.29"]
[WhiteElo "1711"]
[BlackElo "1828"]
[PlyCount "89"]
[EventDate "2023.12.24"]
[EventType "swiss"]
[EventRounds "9"]
[EventCountry "HKG"]
[SourceTitle "CBM 217 Extra"]
[Source "ChessBase"]
[SourceDate "2024.01.31"]
[SourceVersion "1"]
[SourceVersionDate "2024.01.31"]
[SourceQuality "1"]

1. e4 e6 2. d4 d5 3. Bd3 dxe4 4. Bxe4 Nf6 5. Bf3 Be7 6. Ne2 0-0 7. Nbc3 c5 8. d5 exd5 9. Nxd5 Nxd5 10. Qxd5 Qb6 11. 0-0 Nc6 12. Ng3 Be6 13. Qh5 Rad8 14. c3 Rfe8 15. Ne4 Bd5 16. b3 g6 17. Qh3 Ne5 18. Bf4 Nxf3+ 19. gxf3 f5 20. Ng5 Bxg5 21. Bxg5 Rd7 22. Rfe1 Bf7 23. Rxe8+ Bxe8 24. Re1 Bf7 25. Qg3 Qd6 26. Qxd6 Rxd6 27. Re7 Bd5 28. Re8+ Kf7 29. Re7+ Kf8 30. Rxh7 Kg8 31. Rc7 Bxf3 32. h4 Bc6 33. Rc8+ Kf7 34. Rc7+ Rd7 35. Rxd7+ Bxd7 36. f4 b5 37. Kf2 Ke6 38. Ke3 Kd5 39. Kd3 Be6 40. c4+ Kc6 41. cxb5+ Kxb5 42. Kc3 c4 43. bxc4+ Bxc4 44. a3 Be2 45. Be7 1/2-1/2